The business strategy game : (Record no. 2281)
[ view plain ]
| 000 -LEADER | |
|---|---|
| fixed length control field | 00828nac a22001931u 4500 |
| 010 ## - LIBRARY OF CONGRESS CONTROL NUMBER | |
| LC control number | 2001271361 |
| 020 ## - INTERNATIONAL STANDARD BOOK NUMBER | |
| International Standard Book Number | 0072375671 |
| 020 ## - INTERNATIONAL STANDARD BOOK NUMBER | |
| International Standard Book Number | 0072820098 |
| 082 ## - DEWEY DECIMAL CLASSIFICATION NUMBER | |
| Classification number | 658.4 |
| Item number | T3711 |
| 090 ## - LOCALLY ASSIGNED LC-TYPE CALL NUMBER (OCLC); LOCAL CALL NUMBER (OCLC) | |
| -- | 2281 |
| -- | 2281 |
| 100 ## - MAIN ENTRY--PERSONAL NAME | |
| Personal name | Thompson, Arthur A. |
| 245 14 - TITLE STATEMENT | |
| Title | The business strategy game : |
| Remainder of title | a global industry simulation : player's manual / |
| Statement of responsibility, etc | Arthur A. Thompson, Jr., Gregory J. Stappenbeck. |
| 250 ## - EDITION STATEMENT | |
| Edition statement | 7th ed. |
| 260 ## - PUBLICATION, DISTRIBUTION, ETC. (IMPRINT) | |
| Place of publication, distribution, etc | Boston : |
| Name of publisher, distributor, etc | McGraw-Hill/Irwin,2002 |
| Date of publication, distribution, etc | 2002. |
| 300 ## - PHYSICAL DESCRIPTION | |
| Extent | 126 p. : |
| Dimensions | 28 cm. + |
| Other physical details | Ill. ; |
| Accompanying material | 1CD-ROM (4 3/4in.) |
| 942 ## - ADDED ENTRY ELEMENTS (KOHA) | |
| Item type | Book - Borrowing |
| Call number prefix | 658.4T3711 |
| Withdrawn status | Item status | Damaged status | Not for loan | Home library | Current library | Shelving location | Date acquired | Source of acquisition | Total Checkouts | Full call number | Barcode | Date last seen | Koha item type | Source of classification or shelving scheme | Vendor |
|---|---|---|---|---|---|---|---|---|---|---|---|---|---|---|---|
| Central Library | Central Library | First floor | 07/02/2015 | Purchase | 658.4 THO | 000001864 | 15/07/2025 | Book - Borrowing | |||||||
| Central Library | Central Library | First floor | 12/05/2010 | 658.4 THO | 000007541 | 24/08/2022 | CD | DVD - With book | Dewey Decimal Classification |